[Event "26th WSCC 2016 Open 65+"]
[Site "Marianske Lazne, Czech Republic - Hotel Cristal and Continental"]
[Date "2016.11.28"]
[Round "9.77"]
[White "Hund, Gerhard"]
[Black "Degtiarev, Viktor"]
[Result "1/2-1/2"]
[WhiteElo "2005"]
[BlackElo "1823"]
[PlyCount "145"]
[EventDate "2016.11.19"]

1. e4 c5 2. Nf3 d6 3. Bb5+ Bd7 4. Bxd7+ Qxd7 5. O-O g6 6. c4 Nc6 7. d4 cxd4 8.
Nxd4 Bg7 9. Be3 Rc8 10. Nc3 Nf6 11. f3 O-O 12. Nxc6 bxc6 13. Qd2 Qb7 14. Rac1
Rfd8 15. Qf2 c5 16. b3 Ne8 17. Ne2 Nc7 18. Rc2 Na6 19. Nc1 Nb4 20. Rd2 Bc3 21.
Re2 Nc6 22. Kh1 Nd4 23. Bxd4 Bxd4 24. Qg3 Qd7 25. Qg4 e6 26. Rd1 Qe7 27. f4 Qf6
28. Rc2 Qg7 29. Ne2 Bf6 30. Rcd2 Qf8 31. f5 exf5 32. exf5 Be5 33. Nf4 Qh6 34.
Rf2 Re8 35. h3 Bd4 36. Re2 Qg7 37. fxg6 hxg6 38. Nd5 f5 39. Qf3 Re5 40. Rde1
Rce8 41. Nf4 Kh7 42. Nd3 Rxe2 43. Rxe2 Rxe2 44. Qxe2 Qb7 45. Qf3 Qe4 46. Qxe4
fxe4 47. Nc1 Kg7 48. g3 Kf6 49. Kg2 Kf5 50. Ne2 Be5 51. Kf2 g5 52. Ke3 Bb2 53.
g4+ Ke5 54. Kd2 a5 55. Ke3 d5 56. cxd5 Kxd5 57. Kd2 Bd4 58. Ng3 Be5 59. Nf5
Bf4+ 60. Ke2 Kc6 61. h4 gxh4 62. Nxh4 Kb5 63. Ng2 Bg5 64. Ne3 Kb4 65. Nd5+ Ka3
66. Nc3 Be7 67. Nxe4 Kxa2 68. Nd2 Bg5 69. Kd3 Kb2 70. Nc4+ Kxb3 71. Nxa5+ Kb4
72. Nc4 Bf4 73. Nd2 1/2-1/2

[Event "26th WSCC 2016 Open 65+"]
[Site "Marianske Lazne, Czech Republic - Hotel Cristal and Continental"]
[Date "2016.11.28"]
[Round "9.78"]
[White "Ramusch, Arnulf"]
[Black "Gudashvili, Gavazi"]
[Result "0-1"]
[WhiteElo "2001"]
[BlackElo "1617"]
[PlyCount "70"]
[EventDate "2016.11.19"]

1. d4 d5 2. c4 c6 3. Nf3 Nf6 4. e3 e6 5. Nc3 Bb4 6. a3 Bxc3+ 7. bxc3 O-O 8. Bd3
Nbd7 9. O-O Qc7 10. h3 e5 11. dxe5 Nxe5 12. Nxe5 Qxe5 13. Qc2 dxc4 14. Bxc4 Bf5
15. Qe2 Rad8 16. Bb2 b5 17. Bb3 Bd3 18. c4 Qe4 19. Qf3 Bxf1 20. Kxf1 bxc4 21.
Bd1 c3 22. Bc1 Rd6 23. Be2 Rfd8 24. Qxe4 Nxe4 25. Ke1 Nc5 26. Ra2 Nd3+ 27. Bxd3
Rxd3 28. Rc2 c5 29. Ke2 c4 30. Ke1 Rb8 31. Ke2 Rb1 32. Ke1 f5 33. Ke2 Kf7 34.
f4 Ke6 35. Kf3 Rd1 0-1

[Event "26th WSCC 2016 Open 65+"]
[Site "Marianske Lazne, Czech Republic - Hotel Cristal and Continental"]
[Date "2016.11.28"]
[Round "9.79"]
[White "Schmitt, Karl"]
[Black "Haubt, Georg"]
[Result "0-1"]
[WhiteElo "1899"]
[BlackElo "2205"]
[PlyCount "78"]
[EventDate "2016.11.19"]

1. d4 Nf6 2. Nf3 e6 3. e3 c5 4. Bd3 Nc6 5. O-O b6 6. b3 Qc7 7. a3 e5 8. dxe5
Nxe5 9. Nxe5 Qxe5 10. Ra2 Bb7 11. f4 Qe6 12. c4 Be7 13. Nc3 Ne4 14. Nxe4 Bxe4
15. Bxe4 Qxe4 16. Qd5 Qxd5 17. cxd5 f5 18. e4 fxe4 19. Re2 O-O 20. Rxe4 Bf6 21.
Rfe1 Bc3 22. R1e2 Rf5 23. Bb2 Bxb2 24. Rxb2 Rxd5 25. Rbe2 a5 26. R2e3 Kf8 27.
Kf2 b5 28. Kf3 a4 29. bxa4 Rxa4 30. Rxa4 bxa4 31. g4 Rd2 32. h3 d5 33. Rc3 c4
34. f5 Rb2 35. Ke3 Rb3 36. Kd4 Ke7 37. g5 Kd6 38. h4 Rxc3 39. Kxc3 Ke5 0-1

[Event "26th WSCC 2016 Open 65+"]
[Site "Marianske Lazne, Czech Republic - Hotel Cristal and Continental"]
[Date "2016.11.28"]
[Round "9.80"]
[White "Sevenyuk, Alexey"]
[Black "Hjertenes, Oystein"]
[Result "1-0"]
[WhiteElo "1877"]
[BlackElo "2060"]
[PlyCount "55"]
[EventDate "2016.11.19"]

1. e4 g6 2. d4 Bg7 3. Nc3 c6 4. f4 d5 5. e5 e6 6. Nf3 b6 7. b4 Ne7 8. a4 Nd7 9.
Ba3 O-O 10. Be2 Nf5 11. Bd3 Nh4 12. O-O Nxf3+ 13. Qxf3 f6 14. Qh3 Qe7 15. g4
fxe5 16. dxe5 Rxf4 17. Rxf4 Bxe5 18. Rf3 Bxc3 19. Raf1 Bd4+ 20. Kh1 Ne5 21.
Rf8+ Kg7 22. Bc1 Nxg4 23. Qxg4 e5 24. Rxc8 Rxc8 25. Qxc8 c5 26. Bg5 Qd6 27. Qd8
Qxd8 28. Bxd8 1-0

[Event "26th WSCC 2016 Open 65+"]
[Site "Marianske Lazne, Czech Republic - Hotel Cristal and Continental"]
[Date "2016.11.28"]
[Round "9.81"]
[White "Myall, Ivan J"]
[Black "Rehak, Jiri"]
[Result "1-0"]
[WhiteElo "2042"]
[BlackElo "1846"]
[PlyCount "59"]
[EventDate "2016.11.19"]

1. e4 Nf6 2. Nc3 e5 3. Bc4 Bc5 4. d3 O-O 5. f4 d6 6. Nf3 Nc6 7. f5 Na5 8. Bg5
c6 9. Bb3 Nxb3 10. axb3 b5 11. Qe2 Re8 12. g4 Bb7 13. Bxf6 gxf6 14. h4 a5 15.
g5 d5 16. Qg2 Kh8 17. Qg4 Be7 18. Qh5 Rg8 19. gxf6 Bxf6 20. Ng5 Rg7 21. Nxf7+
Rxf7 22. Qxf7 Ba6 23. exd5 b4 24. Ne4 Bxh4+ 25. Ke2 cxd5 26. f6 Qg8 27. Qg7+
Qxg7 28. fxg7+ Kxg7 29. Rag1+ Kh8 30. Nd6 1-0

[Event "26th WSCC 2016 Open 65+"]
[Site "Marianske Lazne, Czech Republic - Hotel Cristal and Continental"]
[Date "2016.11.28"]
[Round "9.82"]
[White "Goetze, Peter"]
[Black "Bondar, Leonid"]
[Result "1/2-1/2"]
[WhiteElo "1862"]
[BlackElo "2019"]
[PlyCount "33"]
[EventDate "2016.11.19"]

1. Nc3 c6 2. e4 d5 3. f4 dxe4 4. Nxe4 Nd7 5. Nf3 Ngf6 6. Nf2 Nb6 7. b3 g6 8.
Bb2 Bg7 9. g3 O-O 10. Bg2 Ng4 11. Bxg7 Nxf2 12. Kxf2 Kxg7 13. Re1 Bg4 14. d3
Qd6 15. Qd2 Bxf3 16. Bxf3 Rad8 17. Qe3 $11 1/2-1/2

[Event "26th WSCC 2016 Open 65+"]
[Site "Marianske Lazne, Czech Republic - Hotel Cristal and Continental"]
[Date "2016.11.28"]
[Round "9.83"]
[White "Patola, Eero"]
[Black "Goga, Frantisek"]
[Result "0-1"]
[WhiteElo "1862"]
[BlackElo "2014"]
[PlyCount "58"]
[EventDate "2016.11.19"]

1. e4 c5 2. c4 Nc6 3. Nc3 g6 4. g3 Bg7 5. Bg2 d6 6. Nge2 e6 7. O-O Nge7 8. d3
a6 9. Rb1 O-O 10. a3 Nd4 11. Nxd4 Bxd4 12. Bh6 Re8 13. h4 Kh8 14. Ne2 Ng8 15.
Nxd4 Nxh6 16. Qd2 Ng8 17. Ne2 b5 18. Qc3+ e5 19. f4 Ra7 20. fxe5 dxe5 21. cxb5
axb5 22. Qxc5 Rc7 23. Qxb5 Re6 24. Rbc1 Rxc1 25. Nxc1 Ba6 26. Qd5 Qb6+ 27. Kh2
Nf6 28. Qa8+ Kg7 29. Bh3 Re8 0-1

[Event "26th WSCC 2016 Open 65+"]
[Site "Marianske Lazne, Czech Republic - Hotel Cristal and Continental"]
[Date "2016.11.28"]
[Round "9.84"]
[White "Dalling, Peter"]
[Black "Olesen, Poul Erik Norgaard"]
[Result "0-1"]
[WhiteElo "1817"]
[BlackElo "1998"]
[PlyCount "82"]
[EventDate "2016.11.19"]

1. Nc3 g6 2. e4 Bg7 3. d4 d6 4. Bc4 Nf6 5. Be3 O-O 6. Qd2 Nxe4 7. Bxf7+ Rxf7 8.
Nxe4 Nc6 9. Ne2 e5 10. d5 Nd4 11. N2g3 Nf5 12. Bg5 Qf8 13. h4 h6 14. Be3 a5 15.
h5 g5 16. Nxf5 Bxf5 17. f3 b5 18. O-O-O b4 19. Qe2 Qe8 20. Qc4 Qb8 21. Bd2 Bd7
22. Rde1 Qb7 23. Re3 Bb5 24. Qb3 Qa6 25. Rd1 Bc4 26. Qa4 Bxd5 27. Be1 Be6 28.
c3 Bd7 29. Qb3 Rb8 30. cxb4 axb4 31. Qd5 Bc6 32. Qe6 Re8 33. Qg6 Qxa2 34. Bxb4
Ba4 35. Ra3 Qc4+ 36. Bc3 Bxd1 37. Nf6+ Rxf6 38. Qxe8+ Rf8 39. Qd7 Bb3 40. Kd2
Qf7 41. Qc6 Qd5+ 0-1

[Event "26th WSCC 2016 Open 65+"]
[Site "Marianske Lazne, Czech Republic - Hotel Cristal and Continental"]
[Date "2016.11.28"]
[Round "9.85"]
[White "Blaushtain, Boris"]
[Black "Korenevski, Oleg"]
[Result "1-0"]
[WhiteElo "1991"]
[BlackElo "1823"]
[PlyCount "173"]
[EventDate "2016.11.19"]

1. c4 c6 2. d4 d5 3. e3 Nf6 4. Nc3 e6 5. a3 a5 6. Bd3 dxc4 7. Bxc4 b5 8. Bd3 b4
9. axb4 Bxb4 10. Nge2 Ba6 11. O-O O-O 12. Bc2 c5 13. Bd2 Nc6 14. dxc5 Qe7 15.
Ba4 Qxc5 16. Rc1 Qd6 17. Bxc6 Qxc6 18. Na2 Qb7 19. Nxb4 axb4 20. Re1 Rfd8 21.
Nd4 e5 22. Nc6 Rd6 23. Nxb4 Rad8 24. Nxa6 Qxa6 25. Qe2 Qxe2 26. Rxe2 Ne4 27.
Bb4 Rd1+ 28. Re1 Rxe1+ 29. Bxe1 g6 30. f3 Nd2 31. Kf2 Nb3 32. Rc2 Rd7 33. Ke2
f6 34. Rc3 Rb7 35. Rc8+ Kf7 36. Bc3 Rd7 37. Bb4 Ke6 38. Rc6+ Kf7 39. g4 h6 40.
h4 Kg7 41. Bd6 Kf7 42. Rc7 Rxc7 43. Bxc7 Nc5 44. Bd6 Nb7 45. Bb4 h5 46. Kd3 Ke6
47. Kc4 f5 48. gxh5 gxh5 49. Kb5 Kd5 50. Kb6 Nd8 51. Bc3 e4 52. f4 Ne6 53. Kb5
Nc7+ 54. Kb4 Na6+ 55. Ka5 Nb8 56. Kb5 Nc6 57. b3 Ne7 58. Bd4 Ng6 59. Bf6 Nf8
60. b4 Nd7 61. Bd8 Nf8 62. Ka6 Ne6 63. Be7 Kc4 64. Bd6 Kd5 65. Be5 Kc4 66. b5
Nc5+ 67. Kb6 Nd7+ 68. Kc6 Nxe5+ 69. fxe5 f4 70. exf4 e3 71. b6 e2 72. b7 e1=Q
73. b8=Q Qe4+ 74. Kd7 Qh7+ 75. Kd6 Qd3+ 76. Kc7 Qd5 77. Qc8 Qf7+ 78. Kd6+ Kd4
79. f5 Qd5+ 80. Ke7 Qxe5+ 81. Kf7 Qd5+ 82. Qe6 Qe4 83. Kg6 Qg2+ 84. Kxh5 Qf3+
85. Kh6 Qf4+ 86. Kg7 Qg4+ 87. Kf6 1-0

[Event "26th WSCC 2016 Open 65+"]
[Site "Marianske Lazne, Czech Republic - Hotel Cristal and Continental"]
[Date "2016.11.28"]
[Round "9.86"]
[White "De Haro, Martim Afonso Palma"]
[Black "Ingham, William"]
[Result "1/2-1/2"]
[WhiteElo "1990"]
[BlackElo "1814"]
[PlyCount "42"]
[EventDate "2016.11.19"]

1. d4 d6 2. e4 Nf6 3. Nc3 c6 4. a4 a5 5. Nf3 Bg4 6. Be2 e6 7. O-O Be7 8. Be3
O-O 9. h3 Bh5 10. Nd2 Bxe2 11. Qxe2 d5 12. Rfd1 dxe4 13. Ndxe4 Nd5 14. Nxd5
cxd5 15. Nc3 Na6 16. Bf4 Bd6 17. Be5 Bxe5 18. Qxe5 Qc7 19. Qe2 Rac8 20. Rd2 Qc4
21. Nb5 Qxe2 $11 1/2-1/2

[Event "26th WSCC 2016 Open 65+"]
[Site "Marianske Lazne, Czech Republic - Hotel Cristal and Continental"]
[Date "2016.11.28"]
[Round "9.87"]
[White "Lacha, Jan"]
[Black "Strand, Kjetil"]
[Result "0-1"]
[WhiteElo "1796"]
[BlackElo "1990"]
[PlyCount "86"]
[EventDate "2016.11.19"]

1. d4 d5 2. Nf3 Nf6 3. e3 Bf5 4. Bd3 Bxd3 5. Qxd3 c6 6. Nbd2 Nbd7 7. O-O g6 8.
e4 dxe4 9. Nxe4 Bg7 10. Nxf6+ Nxf6 11. Qb3 Qc7 12. Ne5 O-O 13. f4 Rad8 14. c3
c5 15. Nf3 b6 16. Re1 Nd5 17. g3 e6 18. c4 Nf6 19. dxc5 bxc5 20. Rb1 Qa5 21.
Be3 Ng4 22. h3 Nxe3 23. Rxe3 Bd4 24. Nxd4 Rxd4 25. a3 Rfd8 26. Qc3 Qa4 27. b3
Qc6 28. Rbe1 Rd2 29. R1e2 Rd1+ 30. Re1 R1d4 31. R1e2 h5 32. h4 Qa6 33. a4 Qb7
34. Re1 R8d6 35. R1e2 Qd7 36. Kf2 f6 37. Qc2 Kf7 38. Re4 Rd1 39. Qb2 Qc6 40.
Qc2 R6d3 41. R4e3 Rxe3 42. Qxd1 Qf3+ 43. Ke1 Qxg3+ 0-1

[Event "26th WSCC 2016 Open 65+"]
[Site "Marianske Lazne, Czech Republic - Hotel Cristal and Continental"]
[Date "2016.11.28"]
[Round "9.88"]
[White "Simkin, Alexander"]
[Black "Baeta, Marcio Netto"]
[Result "1-0"]
[WhiteElo "1782"]
[BlackElo "1981"]
[PlyCount "43"]
[EventDate "2016.11.19"]

1. e4 e5 2. Nf3 Nc6 3. Bb5 Qe7 4. O-O Nd8 5. c3 c6 6. Ba4 g6 7. d4 d6 8. Re1 f6
9. b4 Bh6 10. Nbd2 Kf8 11. Bb2 Bxd2 12. Qxd2 Kg7 13. Rad1 Nh6 14. h3 Nhf7 15.
c4 a6 16. c5 dxc5 17. bxc5 exd4 18. e5 Ne6 19. exf6+ Qxf6 20. Nxd4 Ne5 21.
Nxe6+ Qxe6 22. Bxe5+ 1-0

[Event "26th WSCC 2016 Open 65+"]
[Site "Marianske Lazne, Czech Republic - Hotel Cristal and Continental"]
[Date "2016.11.28"]
[Round "9.89"]
[White "Maman, Emanuel"]
[Black "Weller, Karl"]
[Result "0-1"]
[WhiteElo "1800"]
[BlackElo "1969"]
[PlyCount "164"]
[EventDate "2016.11.19"]

1. e4 c5 2. Nf3 d6 3. c4 Nc6 4. d4 cxd4 5. Nxd4 Nf6 6. Nc3 g6 7. Be2 Bg7 8. Be3
O-O 9. O-O Bd7 10. f3 Rc8 11. Qd2 a6 12. Rfd1 Re8 13. b3 Qa5 14. Rac1 Nxd4 15.
Bxd4 h5 16. Rc2 h4 17. Bf1 Bc6 18. Rdc1 Qh5 19. Be3 Bd7 20. Ne2 Qh7 21. Nf4 g5
22. Nd5 Nxd5 23. cxd5 g4 24. Rc7 Rxc7 25. Rxc7 Bb5 26. Bxb5 axb5 27. Rxb7 gxf3
28. gxf3 Qh5 29. Qg2 Kh7 30. Qg4 Qe5 31. Qxh4+ Kg8 32. Qf2 Qa1+ 33. Kg2 Qd1 34.
Ba7 Rc8 35. Rb8 Rxb8 36. Bxb8 Qc1 37. Ba7 Qg5+ 38. Qg3 Qd2+ 39. Kh3 Qxa2 40.
Bd4 f6 41. f4 Qe2 42. Qe3 Qf1+ 43. Kg3 Qd1 44. Qc3 Qb1 45. Qf3 Qe1+ 46. Bf2 Qd2
47. h4 f5 48. exf5 Bf6 49. Kh3 Kh7 50. Ba7 Qe1 51. Bf2 Qf1+ 52. Qg2 Qd3+ 53.
Qg3 Qxf5+ 54. Kh2 Qxd5 55. Qe3 Kh6 56. Kg3 Kg6 57. Kg4 b4 58. Be1 Bc3 59. h5+
Qxh5+ 60. Kg3 Bxe1+ 61. Qxe1 Kf5 62. Qb1+ Kf6 63. Qb2+ Kf7 64. Qd2 Qc5 65. Kg4
Kf6 66. Qd3 e6 67. Qf1 Qf5+ 68. Kh4 Qe4 69. Kg3 Qe3+ 70. Kg4 Qxb3 71. Qa1+ e5
72. fxe5+ dxe5 73. Qf1+ Ke7 74. Qb5 Qe6+ 75. Kg5 b3 76. Qb7+ Kf8 77. Qe4 b2 78.
Qc2 Qe7+ 79. Kh5 Qb7 80. Qf5+ Qf7+ 81. Qxf7+ Kxf7 82. Kg5 b1=Q 0-1

[Event "26th WSCC 2016 Open 65+"]
[Site "Marianske Lazne, Czech Republic - Hotel Cristal and Continental"]
[Date "2016.11.28"]
[Round "9.90"]
[White "Zurel, Maxim"]
[Black "Hartlaub, Marianne"]
[Result "1/2-1/2"]
[WhiteElo "1635"]
[BlackElo "1558"]
[PlyCount "99"]
[EventDate "2016.11.19"]

1. e4 d6 2. d4 Nf6 3. Nc3 c6 4. Be2 e6 5. Nf3 Be7 6. O-O b5 7. a3 O-O 8. Bg5
Nbd7 9. e5 dxe5 10. dxe5 Nd5 11. Bxe7 Nxe7 12. Qd2 Qc7 13. Qd6 Qxd6 14. exd6
Nd5 15. Nxd5 exd5 16. Nd4 Bb7 17. f4 a6 18. Bg4 Nf6 19. Bh3 c5 20. Nb3 c4 21.
Na5 Bc8 22. Bxc8 Raxc8 23. Rad1 Rfd8 24. Rfe1 Rxd6 25. Re7 Re6 26. Re1 Ne4 27.
Rd7 Rd6 28. Rxd6 Nxd6 29. Rd1 Nf5 30. Rxd5 g6 31. Kf2 h5 32. Nb7 Rc7 33. Nc5
Ra7 34. h3 Kg7 35. g4 hxg4 36. hxg4 Ne7 37. Rd6 a5 38. Kf3 b4 39. a4 Nc8 40.
Rd8 Nb6 41. b3 cxb3 42. cxb3 Rc7 43. Ne4 f5 44. gxf5 gxf5 45. Nf2 Rc3+ 46. Rd3
Kf7 47. Rxc3 bxc3 48. Ke2 Ke6 49. Kd1 Nd5 50. Nd3 1/2-1/2

[Event "26th WSCC 2016 Open 65+"]
[Site "Marianske Lazne, Czech Republic - Hotel Cristal and Continental"]
[Date "2016.11.28"]
[Round "9.91"]
[White "Bohman, Leif"]
[Black "Mckerracher, Douglas"]
[Result "1/2-1/2"]
[WhiteElo "1749"]
[BlackElo "1962"]
[PlyCount "56"]
[EventDate "2016.11.19"]

1. d4 f5 2. Nf3 Nf6 3. Bf4 e6 4. e3 b6 5. Nbd2 Bb7 6. b3 Be7 7. Be2 O-O 8. h3
Ne4 9. O-O a5 10. a3 d6 11. Rc1 Nd7 12. Bc4 d5 13. Be2 Ndf6 14. Ne5 Nd7 15.
Ndf3 c5 16. Nxd7 Qxd7 17. Ne5 Qd8 18. f3 Nf6 19. Bg5 c4 20. g4 Qe8 21. Bf4 a4
22. Bh2 b5 23. Qe1 Nd7 24. Nxd7 Qxd7 25. Be5 Bd6 26. Qg3 Rad8 27. Rce1 Bxe5 28.
Qxe5 Qd6 $11 1/2-1/2

[Event "26th WSCC 2016 Open 65+"]
[Site "Marianske Lazne, Czech Republic - Hotel Cristal and Continental"]
[Date "2016.11.28"]
[Round "9.92"]
[White "Schwertel, Johann"]
[Black "Halla, Jiri"]
[Result "1/2-1/2"]
[WhiteElo "1961"]
[BlackElo "1770"]
[PlyCount "84"]
[EventDate "2016.11.19"]

1. d4 Nf6 2. Nf3 g6 3. Bf4 Bg7 4. c3 O-O 5. e3 d6 6. h3 b6 7. Be2 Bb7 8. O-O
Nbd7 9. Bh2 c5 10. Nbd2 Re8 11. Re1 Qc8 12. Bf1 d5 13. a4 a6 14. Rc1 Ne4 15.
Nxe4 dxe4 16. Nd2 e6 17. Nc4 Bf8 18. Ne5 Nxe5 19. Bxe5 Rd8 20. Qb3 Qc6 21. Red1
Rac8 22. Bf6 Rd7 23. dxc5 Bxc5 24. Rxd7 Qxd7 25. Rd1 Qe8 26. Bd4 Bc6 27. Ra1
Bxd4 28. cxd4 b5 29. axb5 Bxb5 30. Bxb5 Qxb5 31. Qxb5 axb5 32. Ra5 Rb8 33. b4
Rb7 34. Kf1 Kf8 35. Ke2 Ke7 36. Kd2 Kd7 37. Ra3 Rc7 38. Rc3 Rxc3 39. Kxc3 Kd6
40. f4 h5 41. g4 hxg4 42. hxg4 f5 $11 1/2-1/2

[Event "26th WSCC 2016 Open 65+"]
[Site "Marianske Lazne, Czech Republic - Hotel Cristal and Continental"]
[Date "2016.11.28"]
[Round "9.93"]
[White "Rucka, Alois"]
[Black "Horyna, Josef"]
[Result "1/2-1/2"]
[WhiteElo "1953"]
[BlackElo "1746"]
[PlyCount "88"]
[EventDate "2016.11.19"]

1. d4 Nf6 2. c4 g6 3. f3 Bg7 4. Nc3 d5 5. cxd5 Nxd5 6. e4 Nxc3 7. bxc3 O-O 8.
Bc4 c5 9. Ne2 cxd4 10. cxd4 Nc6 11. Be3 Qa5+ 12. Qd2 Qxd2+ 13. Kxd2 Rd8 14.
Rad1 Nxd4 15. Nxd4 Bxd4 16. Ke2 e5 17. Bxd4 Rxd4 18. Rxd4 exd4 19. Kd3 Be6 20.
Bxe6 fxe6 21. Kxd4 Rd8+ 22. Ke5 Kg7 23. Rc1 Rd2 24. Rc7+ Kh6 25. Kxe6 Rxg2 26.
e5 Rf2 27. Rc3 Rxa2 28. Kf7 Kg5 29. e6 Rxh2 30. e7 Re2 31. Rc7 h5 32. Rxb7 a5
33. Ra7 h4 34. Rxa5+ Kf4 35. Ra4+ Kxf3 36. Rxh4 g5 37. Rh6 Rxe7+ 38. Kxe7 g4
39. Ke6 g3 40. Rf6+ Ke2 41. Rg6 Kf2 42. Ke5 g2 43. Rf6+ Ke1 44. Rg6 Kf1 1/2-1/2

[Event "26th WSCC 2016 Open 65+"]
[Site "Marianske Lazne, Czech Republic - Hotel Cristal and Continental"]
[Date "2016.11.28"]
[Round "9.94"]
[White "Mittelbach, Zdenek"]
[Black "Biza, Miroslav"]
[Result "1/2-1/2"]
[WhiteElo "1944"]
[BlackElo "1728"]
[PlyCount "74"]
[EventDate "2016.11.19"]

1. c4 Nf6 2. d4 e6 3. Nc3 d5 4. Nf3 c6 5. Bg5 Nbd7 6. e3 Qa5 7. Bxf6 Nxf6 8.
Nd2 Bd6 9. c5 Bb8 10. g3 e5 11. Nb3 Qd8 12. dxe5 Bxe5 13. Bg2 Bf5 14. Nd4 Qd7
15. O-O Bh3 16. b4 h5 17. f4 Bxg2 18. Kxg2 Bxd4 19. exd4 Ne4 20. Qe2 f5 21. b5
h4 22. bxc6 Qxc6 23. g4 O-O-O 24. Nxe4 dxe4 25. Qe3 fxg4 26. Rad1 Rhe8 27. Rd2
Rd5 28. f5 Rf8 29. Rf4 Rdxf5 30. Rxg4 Qf6 31. Qxe4 Rf2+ 32. Rxf2 Qxf2+ 33. Kh1
Qxa2 34. Rxg7 Rf1+ 35. Rg1 Qf2 36. Qe6+ Kc7 37. Qd6+ Kc8 1/2-1/2

[Event "26th WSCC 2016 Open 65+"]
[Site "Marianske Lazne, Czech Republic - Hotel Cristal and Continental"]
[Date "2016.11.28"]
[Round "9.95"]
[White "Valtera, Jiri"]
[Black "Zilbershtein, Victor"]
[Result "0-1"]
[WhiteElo "1943"]
[BlackElo "1716"]
[PlyCount "34"]
[EventDate "2016.11.19"]

1. e4 e6 2. d4 d5 3. Nc3 Nf6 4. Bg5 Be7 5. e5 Nfd7 6. Bxe7 Qxe7 7. f4 a6 8. Nf3
c5 9. Bd3 Nc6 10. dxc5 Nxc5 11. O-O b5 12. a3 b4 13. Ne2 Qa7 14. Kh1 Bd7 15.
axb4 Nxb4 16. Qd2 Nbxd3 17. cxd3 Nb3 0-1

[Event "26th WSCC 2016 Open 65+"]
[Site "Marianske Lazne, Czech Republic - Hotel Cristal and Continental"]
[Date "2016.11.28"]
[Round "9.96"]
[White "Vatansever, Abdullah"]
[Black "Svoboda, Jaroslav"]
[Result "1-0"]
[WhiteElo "1938"]
[BlackElo "1712"]
[PlyCount "101"]
[EventDate "2016.11.19"]

1. d4 d5 2. Nf3 Bf5 3. c4 e6 4. cxd5 exd5 5. Nc3 c6 6. e3 Nf6 7. a3 Bd6 8. h3
O-O 9. Bd3 Ne4 10. Qc2 Re8 11. Nd2 Qh4 12. Ndxe4 dxe4 13. Bf1 Nd7 14. g3 Qe7
15. b3 Nf6 16. Bb2 Rac8 17. b4 h5 18. Bg2 Nd5 19. Qe2 Bg6 20. h4 f5 21. Bh3 Nf6
22. Rc1 Rf8 23. Qc4+ Kh8 24. Ne2 Ng4 25. Qc3 Rcd8 26. Rd1 Bf7 27. Bc1 Bd5 28.
Bg2 Qf6 29. Nf4 Bxf4 30. gxf4 Qf7 31. Rh3 Rd6 32. Rd2 Rg6 33. Rc2 Qf6 34. Ke2
Nh6 35. Rg3 Rg4 36. Bh3 Rxh4 37. Qe1 Ng4 38. Qg1 g5 39. Bd2 gxf4 40. exf4 Qxd4
41. Bc3 Bc4+ 42. Ke1 Rd8 43. Bxd4+ Rxd4 44. Bxg4 fxg4 45. Rxc4 Rxc4 46. Kd2 a5
47. Rc3 Rd4+ 48. Ke3 c5 49. Rxc5 Rd3+ 50. Kxe4 Rxa3 51. Qd1 1-0

[Event "26th WSCC 2016 Open 65+"]
[Site "Marianske Lazne, Czech Republic - Hotel Cristal and Continental"]
[Date "2016.11.28"]
[Round "9.97"]
[White "Bernardo Jimenez, Fernando"]
[Black "Mohammadian, Mohammad"]
[Result "1/2-1/2"]
[WhiteElo "1926"]
[BlackElo "1683"]
[PlyCount "72"]
[EventDate "2016.11.19"]

1. d4 Nf6 2. Nf3 g6 3. e3 Bg7 4. Bd3 d5 5. O-O Bg4 6. h3 Bd7 7. Nbd2 O-O 8. b3
Bc6 9. Bb2 b6 10. Qe2 Bb7 11. c4 e6 12. Rac1 Nbd7 13. cxd5 exd5 14. Ba3 Re8 15.
Rc2 Nh5 16. Ba6 Qc8 17. Bxb7 Qxb7 18. Qb5 Nhf6 19. Rfc1 Rec8 20. Ne1 Nb8 21.
Qe2 c6 22. Bd6 Qd7 23. Be5 Qe8 24. Nd3 a5 25. b4 axb4 26. Bxb8 Raxb8 27. Nxb4
c5 28. dxc5 bxc5 29. Na6 Ra8 30. Nxc5 Ra7 31. Na6 Rxc2 32. Rxc2 Qd8 33. Qb5 h6
34. Qb8 Qxb8 35. Nxb8 Ra8 36. Nc6 Bf8 $11 1/2-1/2

[Event "26th WSCC 2016 Open 65+"]
[Site "Marianske Lazne, Czech Republic - Hotel Cristal and Continental"]
[Date "2016.11.28"]
[Round "9.98"]
[White "Svec, Ludek"]
[Black "El Gheiadi, I."]
[Result "0-1"]
[WhiteElo "1702"]
[BlackElo "1918"]
[PlyCount "152"]
[EventDate "2016.11.19"]

1. d4 d5 2. Nf3 Nf6 3. g3 c6 4. Bg2 e6 5. O-O Be7 6. c4 dxc4 7. Nc3 b5 8. Ne5
Nd5 9. a4 b4 10. Ne4 a5 11. Nxc4 O-O 12. Ne5 f6 13. Nd3 Na6 14. Bd2 f5 15. Nec5
Nxc5 16. dxc5 Bf6 17. Qc2 Qc7 18. Rae1 e5 19. e4 Ne7 20. f3 Rd8 21. Rd1 Ba6 22.
Be3 Rd7 23. Rd2 Rad8 24. Rfd1 f4 25. gxf4 Bxd3 26. Rxd3 Rxd3 27. Rxd3 Rxd3 28.
Qxd3 exf4 29. Bf2 Kf8 30. Qd2 Qe5 31. Bf1 g5 32. b3 h5 33. Bc4 Kg7 34. Qd6 g4
35. Qxe5 Bxe5 36. Bh4 Bd4+ 37. Kf1 Bxc5 38. Be2 gxf3 39. Bxf3 Kg6 40. Ke2 Nc8
41. Kd3 Bb6 42. h3 Nd6 43. Be7 Nc8 44. Bh4 Be3 45. e5 c5 46. e6 Nd6 47. e7 Bd4
48. e8=Q+ Nxe8 49. Bd8 Be3 50. Bxa5 Nf6 51. Bd8 Nd7 52. Ke4 c4 53. bxc4 Nc5+
54. Kd5 Nxa4 55. Be4+ Kf7 56. Bd3 Nc3+ 57. Kc6 b3 58. Ba5 Bd2 59. Bxc3 Bxc3 60.
Kd5 b2 61. Ke4 Bd2 62. Kf3 Ke6 63. Ke4 Kd6 64. Bb1 Kc5 65. Bd3 h4 66. Kf3 Kd4
67. Bb1 Kxc4 68. Kg4 Kd4 69. Kf3 Be3 70. Kg4 Kc3 71. Kxh4 Kd2 72. Kg4 Ke2 73.
Be4 Kf2 74. h4 f3 75. h5 Bh6 76. Bd3 Ke3 0-1

[Event "26th WSCC 2016 Open 65+"]
[Site "Marianske Lazne, Czech Republic - Hotel Cristal and Continental"]
[Date "2016.11.28"]
[Round "9.99"]
[White "Horak, Miroslav"]
[Black "Baumann, Hanspeter"]
[Result "1/2-1/2"]
[WhiteElo "1686"]
[BlackElo "1911"]
[PlyCount "23"]
[EventDate "2016.11.19"]

1. e4 c5 2. Nf3 Nc6 3. d4 cxd4 4. Nxd4 g6 5. Be3 Bg7 6. Nc3 Nf6 7. f4 d6 8. h3
O-O 9. Qd2 Nxd4 10. Bxd4 Nd7 11. Bxg7 Kxg7 12. O-O-O $11 1/2-1/2

[Event "26th WSCC 2016 Open 65+"]
[Site "Marianske Lazne, Czech Republic - Hotel Cristal and Continental"]
[Date "2016.11.28"]
[Round "9.100"]
[White "Bernhoeft, Erhard"]
[Black "Kasik, Miroslav"]
[Result "1-0"]
[WhiteElo "1962"]
[BlackElo "1779"]
[PlyCount "113"]
[EventDate "2016.11.19"]

1. c4 c5 2. g3 Nc6 3. Bg2 Nf6 4. Nc3 g6 5. Nf3 Bg7 6. O-O O-O 7. d4 cxd4 8.
Nxd4 Nxd4 9. Qxd4 d6 10. Qd3 Rb8 11. b3 b6 12. Bb2 Bb7 13. e4 Nd7 14. Rad1 Nc5
15. Qc2 Bxc3 16. Qxc3 f6 17. Rfe1 Qc7 18. Qe3 Bc8 19. h3 Ne6 20. Kh2 Qc5 21.
Qe2 Ng7 22. f4 Bb7 23. Bd4 Qc7 24. Bf1 Rbd8 25. Bb2 Ba8 26. Bg2 Qc5 27. Rf1 Qc7
28. Rf2 Qc5 29. Bd4 Qc7 30. Re1 Ne6 31. Bb2 Ng7 32. e5 fxe5 33. Bxa8 Rxa8 34.
fxe5 Rxf2+ 35. Qxf2 Rf8 36. Qg2 Qc5 37. Re2 dxe5 38. Bxe5 e6 39. Bf4 Nh5 40.
Bh6 Ng7 41. Be3 Qe7 42. Qe4 Re8 43. Qe5 Nf5 44. Bc1 Qg7 45. Qb5 Qf7 46. Bb2 Ng7
47. Qe5 Qd7 48. Bc3 Qf7 49. b4 Re7 50. c5 bxc5 51. Qxc5 Rc7 52. Qe5 Qf3 53. Bd4
Rf7 54. Rf2 Qb7 55. Rxf7 Qxf7 56. a4 Qb7 57. b5 1-0